00422nam a2200157Ia 4500008004100000020001500041041001200056082001600068100002000084245008400104250000800188260002500196300000800221650001600229700001900245221030s9999 xx 000 0 und d a8120312414 aEnglish a105.23bTan aA. S. Tanenbaum 0aOperating Systems : Design & Implementationcby A. S. Tanenbaum, A. S. Woodhull a2nd bPHIaNew Delhic2001 a939 aBE Computer aA. S. Woodhull